ذوو الإعاقة السمعية : (رقم التسجيلة. 146180)

تفاصيل مارك
000 -الفاتح
عناصر البيانات ثابتة الطول 00785cam a2200217 i 4500
005 - تاريخ ووقت آخر معاملة
حقل ضبط 20260202115900.0
008 - عناصر البيانات ثابتة الطول
عناصر البيانات ثابتة الطول 250721s2023 jo gr 000 0 ara d
020 ## - الترقيم الدولي المعياري للكتب (ردمك)
الترقيم الدولي المعياري للكتب (ردمك) 9789957653422
082 14 - رقم تصنيف ديوي العشري
رقم التصنيف 371.912
رقم المادة ش ق ر
100 1# - مدخل رئيسي – اسم شخصي
الاسم الشخصي أبوشقرة، نور
علاقة الشخص بالعمل/ دوره مؤلف.
245 10 - بيان العنوان
العنوان ذوو الإعاقة السمعية :
بقية العنوان تعليم تأهيل دمج /
بيان المسؤولية نور أبو شقرة.
250 ## - بيان الطبعة
بيان الطبعة الطبعة الأولى.
264 31 - بيانات النشر، التوزيع…إلخ
مكان النشر، التوزيع...إلخ عمان :
اسم الناشر، الموزع...إلخ دار المعتز للنشر و التوزيع،
تاريخ النشر، التوزيع...إلخ 2023.
300 ## - الوصف المادي
عدد الوحدات المكونة للوعاء 211 صفحة.
650 17 - مدخل إضافي بالموضوع - مصطلح موضوعي
مصطلح موضوعي أو اسم جغرافي كعنصر مدخل الاعاقة السمعية.
650 17 - مدخل إضافي بالموضوع - مصطلح موضوعي
مصطلح موضوعي أو اسم جغرافي كعنصر مدخل الاطفال الصم.
650 17 - مدخل إضافي بالموضوع - مصطلح موضوعي
مصطلح موضوعي أو اسم جغرافي كعنصر مدخل التربية الخاصة.
650 17 - مدخل إضافي بالموضوع - مصطلح موضوعي
مصطلح موضوعي أو اسم جغرافي كعنصر مدخل الوسائل التعليمية.
942 ## - بيانات إضافية (كوها)
نوع التنصيف Dewey Decimal Classification
نوع المادة (كوها) كتب
المقتنيات
حالة السحب حالة الفقدان مصدر التصنيف حالة التلف غير قابل للإعارة المكتبة الرئيسية المكتبة الحالية موقع الرف تاريخ التزويد الرقم المتسلسل Total Checkouts رقم الإستدعاء الباركود تاريخ آخر ظهور تاريخ الفاتورة نوع المادة (كوها)
    Dewey Decimal Classification     المكتبة المركزية المكتبة المركزية الإعارة 28/07/2025 1784981   371.912 / ش ق ر PLD00508093 28/07/2025 28/07/2025 كتب
    Dewey Decimal Classification     مكتبة أم قصير والمقابلين العامة مكتبة أم قصير والمقابلين العامة الإعارة 22/02/2024 1784983   371.912/شقر PLD00508299 28/07/2025 22/02/2024 كتب
    Dewey Decimal Classification     مكتبة حمزة العامة مكتبة حمزة العامة الإعارة 22/02/2024 1784982   371.912/شقر PLD00508298 28/07/2025 22/02/2024 كتب
Implemented & Customized by: BBB with SCIT (Smart Chains for Information Technology)

Powered by Koha